Najbardziej hejtowane karty piłkarzy w FIFA 21 - Statystyki

Ogólne statystyki
  • Ten quiz został rozwiązany 341 razy
  • Średni wynik to 7 z 34
Statystyki odpowiedzi
Ocena na FutBIN Karta % Poprawnych
-7986 Varane
83%
-5347 Varane
83%
-4911 Mendy
82%
-7199 Mbappe
80%
-5555 Mbappe
80%
-2240 Mbappe
80%
-24733 Sabitzer
29%
-3422 Kent
28%
-4408 Lala
12%
-12127 Wan-Bissaka
12%
-11455 Firmino
11%
-2431 Sancho
10%
-11135 Gundogan
9%
-4852 Ribery
9%
-9868 Brewster
8%
-3325 Bamba
7%
-4513 Isco
7%
-3934 Navas
7%
-4948 St.Juste
7%
-2161 Auro
6%
-5992 Iheanacho
6%
-2675 Mangala
6%
-3360 Milner
6%
-2938 Raphinha
6%
-3054 Rudiger
6%
-3426 Gaya
5%
-3813 Herrmann
5%
-3685 Malcuit
5%
-2490 Malong
5%
-2202 Pedro Goncalves
5%
-3907 Stindl
5%
-3490 Wendell
5%
-4427 Zinchenko
5%
-14056 Alex Oxlade-Chamblerain
4%
Nie znaleziono quizów pasujących do podanych kryteriów
Rozkład punktacji
Procent ludzi z każdym wynikiem
Percentyl według liczby udzielonych odpowiedzi
Twoja historia wyników
Nie rozwiązałeś tego quizu